000 00970nam a2200229 i 4500
001 172091
003 ES-MaACL
005 20250808062826.0
008 090615s1991 sp |||| | spa d
020 _a84-7914-057-7
100 1 _aSmet, Joaquín.
_9106822
245 1 4 _aLos Carmelitas
_b: historia de la Orden del Carmen.
_nIII,
_pLas reformas, personas, literatura, arte (1563-1750) /
_cJoaquín Smet ; traducción y preparación de la edición española por Antonio Ruiz Molina.
260 _aMadrid :
_bBiblioteca de Autores Cristianos,
_c1991.
300 _a492 p. ;
_c20 cm.
490 1 _aBiblioteca de Autores Cristianos ;
_v517
536 _aObra patrocinada por la Conferencia de Superiores y Superioras Mayores Carmelitas de la Región Ibérica
610 2 _aCarmelitas-
_vHistoria.
_92444
700 1 _aRuiz Molina, Antonio.
_9100877
830 0 0 _aBiblioteca de autores cristianos
_v517
_9178679
852 _aES-MaACL
_jJ-504
999 _c172091
_d172091